00499nam a22001577a 450000500170000001000130001702000180003003500130004803700210006108200160008210000180009824500940011626000340021027000600024430000370030420120905120353.0 aB-463642 a9788189738228 aB-463642 adplbRBC Pub/Ven a745.6707454 aGoswamy, B.N. aThe word is sacred sacred is the word:bthe Indian manuscript tradition/cby B.N. Goswamy aNew DelhibNiyogi Booksc2007 aD-78, Okhla Industrial Area, Phase-IbNew Delhie110020 a203p.bill. Colouredc22cm. (Hb)